Mergers and Acquisitions as a Corpates' Growth Concept
Hlavné faktory a motívy vzniku fúzií a akvizícií (mergers acquisitions – M&A). Možnosti merania ich výkonnosti na základe vyhodnotenia výkonnosti, úspešnosti ich pôsobenia v ekonomike konkrétneho štátu, respektíve viacerých štátov.
Salvato in:
| Autore principale: | |
|---|---|
| Natura: | Capitolo di libro |
| Lingua: | slovacco |
| Soggetti: | |
| Tags: |
Nessun Tag, puoi essere il primo ad aggiungerne!!
|
MARC
| LEADER | 00000nla a2200000 4500 | ||
|---|---|---|---|
| 001 | 0212936 | ||
| 005 | 20240523121818.1 | ||
| 041 | 0 | |a slo | |
| 044 | |a CZ | ||
| 245 | 1 | 0 | |a Mergers and Acquisitions as a Corpates' Growth Concept |c Anna Neumannová |
| 520 | |a Hlavné faktory a motívy vzniku fúzií a akvizícií (mergers acquisitions – M&A). Možnosti merania ich výkonnosti na základe vyhodnotenia výkonnosti, úspešnosti ich pôsobenia v ekonomike konkrétneho štátu, respektíve viacerých štátov. | ||
| 610 | 2 | 0 | |a fúzie |
| 610 | 2 | 0 | |a akvizícia |
| 610 | 2 | 0 | |a združenia podnikov |
| 610 | 2 | 0 | |a spolupráca podnikov |
| 610 | 2 | 0 | |a firmy |
| 100 | 1 | |a Neumannová, Anna | |